Radio Laws of Japan

Đã lưu trong:
書目詳細資料
企業作者: Ministry of Pots and Telecommunications
格式: 圖書
語言:Undetermined
出版: Japan Japan International Cooperation Agency 1950
主題:
標簽: 添加標簽
沒有標簽, 成為第一個標記此記錄!
Thư viện lưu trữ: Trung tâm Học liệu Trường Đại học Cần Thơ
LEADER 00543nam a2200193Ia 4500
001 CTU_99026
008 210402s9999 xx 000 0 und d
082 |a 343.52 
082 |b M665 
110 |a Ministry of Pots and Telecommunications 
245 0 |a Radio Laws of Japan 
245 0 |c Ministry of Pots and Telecommunications 
260 |a Japan 
260 |b Japan International Cooperation Agency 
260 |c 1950 
650 |a Radio 
650 |z Japan 
904 |i Hiếu 
980 |a Trung tâm Học liệu Trường Đại học Cần Thơ